| 000 | 01472nam0a22002771 4500 | ||
|---|---|---|---|
| 001 | rc\4350626 | ||
| 005 | 20260407164822.0 | ||
| 021 |
_aRU _bРг7498-67 |
||
| 035 | _a(NLR Aleph) 008278361 | ||
| 090 |
_a8500680 _c8500680 |
||
| 100 | _a20130416d1967 |||y0rusy50 ca | ||
| 101 | 0 | _arus | |
| 102 | _aRU | ||
| 105 | _ay z ||||| | ||
| 200 | 1 |
_aОпыт разработки буквенно-цифрового кода для ИПС, реализованной на перфокартах К5, применительно к задачам геологии _fВсесоюз. ин-т науч. и техн. информации. Науч. совет по комплексной проблеме "Кибернетика" АН СССР. ЦБТИ Эст. ССР. Второе Всесоюз. совещание по кодированию и эффективности применения ручных перфокарт |
|
| 210 |
_a[Таллин] _cБ. и. _d1967 |
||
| 215 |
_a[2] с. _d20 |
||
| 300 | _aОтпеч. множит. аппаратом | ||
| 300 | _aБез тит. л. и обл. | ||
| 700 | 1 |
_aЕвдохин _bА.Г. |
|
| 712 | 1 | 2 |
_aВсесоюзное совещание по кодированию и эффективности применения ручных перфокарт _d2 _f1967 _eМосква _3RU\NLR\AUTH\8810104169 _9708730 |
| 801 | 0 |
_aRU _bNLR _gpsbo |
|
| 801 | 1 |
_aRU _bELAR _2rusmarc |
|
| 852 |
_aNLR _j67-4/16702 |
||
| 942 | _cBOOK | ||
| 980 | _aNB | ||